000 00625nam a2200181 a 4500
001 000009257
005 20240412074210.0
008 090929s1945 dr a r 000 0 spa d
040 _aDO-SdBNP
_bspa
_cBNPHU
082 _aRD861.44
_bA388c
100 1 _aAlfonseca, Ivan,
_d1912-
_923962
245 1 0 _aCanciones del mirador azul :
_bpoesías /
_cIvan Alfonseca ; prólogo R. Emilio Jiménez.
260 _aCiudad Trujillo, República Dominicana :
_bMontalvo,
_c1945.
300 _a86 p. :
_bil. ;
_c21 cm.
650 0 _aPoesía dominicana
_966
650 0 _aLiteratura dominicana.
_967
700 1 _aJiménez, R. Emilio,
_epról.
_923963
999 _c9019
_d9019